• 首页
  • 本馆介绍
  • 公告通知
  • 最新文献
  • 馆藏检索
  • 电子资源
  • 读者导购
  • 参考咨询
  • 我的图书馆
  • 登录
  • 详细信息显示
  • 放入我的书架
  • 预约/预借图书
  • 作者相关作品
  • 分类相关作品
  • 丛书相关作品
  • 出版社相关作品

书目信息

  • 表格格式
  • 工作单格式
  • 卡片格式
题名:
农业昆虫及其常见害虫防治研究
    
 
作者: 阎雄飞 著
分册:  
出版信息: 北京   中国原子能出版社  2019.08
页数: 292页
开本: 24cm
丛书名:
单 册:
中图分类: S186 , S435
科图分类:
主题词: 农业害虫--nong ye hai chong--昆虫学--研究 , 农业害虫--nong ye hai chong--防治--研究
电子资源:
ISBN: 978-7-5022-9830-2
000 01156nam0 2200277 450
001 0109110243
005 20201109110340.0
010    @a978-7-5022-9830-2@dCNY82.00
100    @a20200109d2019 em y0chiy50 ea
101 0  @achi
102    @aCN@b110000
105    @aa z 000yy
106    @ar
200 1  @a农业昆虫及其常见害虫防治研究@Anong ye kun chong ji qi chang jian hai chong fang zhi yan jiu@f阎雄飞著
210    @a北京@c中国原子能出版社@d2019.08
215    @a292页@c图@d24cm
312    @a封面英文题名:Agricultural entomology and common pest management
330    @a本书共9章,分为两部分进行研究,第一部分为农业昆虫学基础,第二部分为农作物主要害虫,主要内容包括:昆虫的外部特征、昆虫的内部器官与解剖分析、昆虫的发育和行为分析、昆虫的发生与环境的关系、农业害虫的调查与预测测报、农业害虫防治原理和方法等。
510 1  @aAgricultural entomology and common pest management@zeng
606 0  @a农业害虫@Anong ye hai chong@x昆虫学@x研究
606 0  @a农业害虫@Anong ye hai chong@x防治@x研究
690    @aS186@v5
690    @aS435@v5
701  0 @a阎雄飞@Ayan xiong fei@4著
801  0 @aCN@bBJSZM@c20201103
905    @b1241867-70@dS186@e134@f4
    
    农业昆虫及其常见害虫防治研究/阎雄飞著.-北京:中国原子能出版社,2019.08
    292页:图;24cm
    
    
    ISBN 978-7-5022-9830-2:CNY82.00
    本书共9章,分为两部分进行研究,第一部分为农业昆虫学基础,第二部分为农作物主要害虫,主要内容包括:昆虫的外部特征、昆虫的内部器官与解剖分析、昆虫的发育和行为分析、昆虫的发生与环境的关系、农业害虫的调查与预测测报、农业害虫防治原理和方法等。
●
相关链接 在E读中查询图书 在五车中查询图书 在当当中查询图书 在豆瓣中查询图书


正题名:农业昆虫及其常见害虫防治研究     索取号:S186/134         预约/预借

序号 登录号 条形码 馆藏地/架位号 状态 备注
1 1241867   212418677   第二样本阅览室/ [索取号:S186/134] 在馆    
2 1241868   212418686   第三借阅区/ [索取号:S186/134] 在馆    
3 1241869   212418695   第三借阅区/ [索取号:S186/134] 在馆    
4 1241870   212418702   第三借阅区/ [索取号:S186/134] 在馆    
唐山师范学院图书馆 欢迎您!
大连网信软件有限公司© 版权所有